Slučajnyje processy s nezavisimi priraščenijami /
Guardado en:
| Autor principal: | |
|---|---|
| Formato: | Libro |
| Lenguaje: | ruso |
| Publicado: |
Moskva :
Nauka,
1964
|
| Etiquetas: |
Sin Etiquetas, Sea el primero en etiquetar este registro!
|
MARC
| LEADER | 00000nam a22000003a 4500 | ||
|---|---|---|---|
| 001 | stu42026 | ||
| 005 | 20150617225723.2 | ||
| 008 | 940208s1964----xxr-----------------rus-d | ||
| 040 | |a STU |b slo | ||
| 041 | 0 | |a rus | |
| 044 | |a xxr | ||
| 100 | 1 | |a Skorochod, Anatolij Vladimirovič |4 aut | |
| 245 | 1 | |a Slučajnyje processy s nezavisimi priraščenijami / |c [aut.]A.V. Skorochod | |
| 260 | |a Moskva : |b Nauka, |c 1964 | ||
| 300 | |a 278 s | ||
| 996 | |b 284M002499 |c M*4803-1 |l MMKN |s A |a 24 |w stu42026_0001 | ||